000 00460nam a2200181Ia 4500
008 230711s9999||||xx |||||||||||||| ||und||
020 _a978-9-38030-859-3
041 _aENG
082 _a681.7677
_bRA-A
100 _aRathinamoorthy,R
245 0 _aApparel Machinery and Equipments
250 _a1st Ed.
260 _c2015
_aNew Delhi
_bWoodhead Publishing Pvt Ltd
300 _a319p.
650 _aTextile Engineering
700 _aSurjit,R
942 _cBK
999 _c6542
_d6542